Escalafón general de los catedráticos de institutos de Segunda Enseñanza en 1º de Enero de 1878 / (Record no. 153896)

MARC details
000 -LEADER
campo de control de longitud fija 00798nam a2200181 i 4500
001 - NÚMERO DE CONTROL
campo de control 153896
003 - IDENTIFICADOR DE NÚMERO DE CONTROL
campo de control ES-MaACL
005 - FECHA Y HORA DE LA ÚLTIMA TRANSACCIÓN
campo de control 20230906205427.0
008 - DATOS DE LONGITUD FIJA--INFORMACIÓN GENERAL
campo de control de longitud fija 050831s1878 sp | |||||||| ||spa d
040 ## - FUENTE DE CATALOGACIÓN
Centro catalogador/agencia de origen CAM
Lengua de catalogación spa
Centro/agencia transcriptor CAM
110 2# - ENTRADA PRINCIPAL--NOMBRE DE ENTIDAD CORPORATIVA
Nombre de entidad corporativa o nombre de jurisdicción como elemento de entrada España.
Unidad subordinada Ministerio de Fomento.
9 (RLIN) 3868
245 10 - MENCIÓN DEL TÍTULO
Título Escalafón general de los catedráticos de institutos de Segunda Enseñanza en 1º de Enero de 1878 /
Mención de responsabilidad, etc. [Ministerio de Fomento].
260 ## - PUBLICACIÓN, DISTRIBUCIÓN, ETC.
Lugar de publicación, distribución, etc. Madrid :
Nombre del editor, distribuidor, etc. [s.n.],
Fecha de publicación, distribución, etc. 1878 (
Fabricante Imprenta del Colegio Nacional de Sordo-Mudos y de Ciegos)
300 ## - DESCRIPCIÓN FÍSICA
Extensión 133 p. ;
Dimensiones 24 cm.
500 ## - NOTA GENERAL
Nota general Incluye listado de profesores.
610 24 - PUNTO DE ACCESO ADICIONAL DE MATERIA--NOMBRE DE ENTIDAD CORPORATIVA
Nombre de entidad corporativa o nombre de jurisdicción como elemento de entrada Cuerpo de Catedráticos Numerarios de Bachillerato-
Subdivisión de forma Escalafones.
9 (RLIN) 139164
852 ## - LOCALIZACIÓN
Ubicación ES-MaACL
Número de control de estantería T-707-F-16
Nota libre -- Enc. hol., conservando la enc. original
-- -- Enc. en un vol. facticio
Holdings
Estatus retirado Estado de pérdida Estado de daño No para préstamo Colección Biblioteca de origen Biblioteca actual Ubicación en estantería Fecha de adquisición Total de préstamos Signatura topográfica completa Código de barras Visto por última vez Precio de reemplazo Tipo de ítem Koha
        Colección de folletos Biblioteca del Ateneo de Madrid Biblioteca del Ateneo de Madrid Depósito folletos 17/01/2008   T-707-F-16 1160901 23/02/2023 23/02/2023 Folleto